000 00403nam a2200121Ia 4500
008 231129s9999||||xx |||||||||||||| ||spa||
020 _a978-958-722-244-9
082 _aDL861.6 M338i
100 _aMarí­n Osorio William
245 0 _aLos Incendios de la soledad: Poemas de amor y homenaje
264 _aPereira: Universidad Tecnológica de Pereira
942 _2ddc
_cBKS
999 _c19754
_d19754